| 000 | 00848nam a22002297a 4500 | ||
|---|---|---|---|
| 005 | 20230217053915.0 | ||
| 008 | 230217b |||||||| |||| 00| 0 eng d | ||
| 020 | _a978-1-119-25892-6 | ||
| 082 | _a658.404 In61 2017 | ||
| 100 |
_aRebentisch, Eric S. _eeditor |
||
| 245 |
_aIntegrating program management and system engineering: _bmethods, tools, and organizational systems for improving performance / _cEric S. Rebentisch editor in chief; with foreword by Larry Prusak |
||
| 260 |
_aNew Jersey: _bJohn Wiley, _cc2017. |
||
| 300 |
_aiiv, 396p,; _bill. |
||
| 504 | _aIncludes references and index | ||
| 541 | _e5730 | ||
| 650 | _aProject management | ||
| 650 | _aSystem analysis | ||
| 650 | _aSystem engineering | ||
| 650 | _aOrganizational behavior | ||
| 650 | _aIndustrial engineering | ||
| 700 |
_aPrusak, Larry _ewriter of foreword |
||
| 999 |
_c1268 _d1268 |
||